| 000 | 00444nam a2200145Ia 4500 | ||
|---|---|---|---|
| 003 | OSt | ||
| 005 | 20260123143103.0 | ||
| 008 | 211028s2016 xx 000 0 und d | ||
| 040 | _cAIMIT LIBRARY | ||
| 041 | _aeng | ||
| 100 |
_aPrabhu, Sandesh; D Souza, Rayan. _g1416125 _97544 |
||
| 245 | _aStudy on performance appraisal of employees in sanko tiles private limited Kasargod / | ||
| 260 |
_aMangalore _bRayan D Souza. _c2016 |
||
| 942 |
_2ddc _cPRO |
||
| 999 |
_c219112 _d219112 |
||